LEADER 00955nam a2200229 i 4500 001 000000144008 003 CaOOAMICUS 005 20100420000000.0 008 100420s1961 it u000 u ita u 013 $a119366 040 $aSeMil$bita 100 1 $aLoisy, Alfred,$d<1857-1940>.$0(OLS)http://semarc/name/2547 245 10$a1857-1903 /$cAlfred Loisy. 260 $aMilano :$bFeltrinelli,$c1961. 300 $aXXIII, 542 p. ;$c22 cm. 490 0 $aStorici e memorialisti moderni ;$v2./1 773 0 $aLoisy, Alfred <1857-1940>$tMemorie per la storia religiosa dei nostri tempi.$dMilano : Feltrinelli, 1961-1962.$gVol.1$w()3334 830 0$aStorici e memorialisti moderni ;$v2./1.$0(OLS)http://semarc/title/7098 850 $aSeMil 852 $aSeMil$W1$xVenegono$y1$m2X IV 112$j96999$B96999$CSeMilBibl$Z2$F104708 $81 996 $6245$a1857-1903$9(OLS)http://semarc/title/210656 996 $6260$aMilano :$bFeltrinelli$9(OLS)http://semarc/publisher/30237 LEADER 00979nam a2200205 i 4500 001 000000243868 003 CaOOAMICUS 005 20150723000000.0 008 150723s1750 xx u000 u fre u 013 $a222773 026 $a5.it too- .&8. pele (3) 1750 (R) 040 $aSeMil$bita 245 10$aTome 3. Première partie. Des obligations que la religion nous prescrit à l'égard de nous-mêmes. 300 $a[2], 298, [2] p. 773 0 $tDevoirs des chrétiens. Ouvrage, où l'on explique les obligations que la religion nous prescrit, à l'égard de Dieu, du prochain, & de nous-mêmes. Tome 1. [-4.].$dA Toulouse : Chez François Henault, 1750.$g3$w()32254 850 $aSeMil 852 $aSeMil$W1$xVenegono$y1$m3F III 243 FA$j194214$B194214$CSeMilBibl$Z2$F204824 $8I 941 1 $a10 961 $aRecupero: Mantegazza 996 $6245$aTome 3. Première partie. Des obligations que la religion nous prescrit à l'égard de nous-mêmes$9(OLS)http://semarc/title/345820